[Event "GER-ch U14"]
[Site "Willingen"]
[Date "2019.06.15"]
[Round "9"]
[White "Schauties, Nico Antonio"]
[Black "Haack, Kevin"]
[Result "0-1"]
[WhiteElo "1866"]
[BlackElo "2033"]
[PlyCount "60"]
[EventDate "2019.06.08"]
[EventType "swiss"]
[EventRounds "9"]
[EventCountry "GER"]
[SourceTitle "CBM 191 Extra"]
[Source "ChessBase"]
[SourceDate "2019.09.30"]
[SourceVersion "1"]
[SourceVersionDate "2019.09.30"]
[SourceQuality "1"]

1. d4 d5 2. c4 e6 3. Nf3 Nf6 4. Nc3 c6 5. e3 Nbd7 6. Bd3 dxc4 7. Bxc4 b5 8. Bd3 a6 9. 0-0 c5 10. Re1 Bb7 11. e4 cxd4 12. Nxd4 Nc5 13. Bc2 e5 14. Nf5 g6 15. Ng3 Qc7 16. Bg5 Be7 17. Bh6 Rd8 18. Qe2 Ne6 19. Be3 0-0 20. Rac1 Qa5 21. Red1 Nd4 22. Qe1 Nxc2 23. Rxc2 b4 24. Nb1 Nxe4 25. Nxe4 Bxe4 26. Rcd2 Rxd2 27. Bxd2 Bxb1 28. Rxb1 Qxa2 29. g3 Rd8 30. Bh6 Qe6 0-1

[Event "GER-ch U14"]
[Site "Willingen"]
[Date "2019.06.12"]
[Round "5"]
[White "Schauties, Nico Antonio"]
[Black "Haufe, Laurin"]
[Result "1/2-1/2"]
[WhiteElo "1866"]
[BlackElo "1995"]
[PlyCount "42"]
[EventDate "2019.06.08"]
[EventType "swiss"]
[EventRounds "9"]
[EventCountry "GER"]
[SourceTitle "CBM 191 Extra"]
[Source "ChessBase"]
[SourceDate "2019.09.30"]
[SourceVersion "1"]
[SourceVersionDate "2019.09.30"]
[SourceQuality "1"]

1. c4 Nf6 2. Nc3 g6 3. g3 Bg7 4. Bg2 c5 5. Nf3 0-0 6. 0-0 Nc6 7. d4 cxd4 8. Nxd4 d6 9. Nxc6 bxc6 10. Bxc6 Rb8 11. Bg2 Qa5 12. Qc2 Qh5 13. c5 dxc5 14. Rd1 Bf5 15. Qa4 Bh3 16. Bh1 Be6 17. Bg2 Rb4 18. Qxa7 Ng4 19. h3 Nf6 20. Kh2 Ng4+ 21. Kg1 Nf6 1/2-1/2

[Event "GER-ch U14"]
[Site "Willingen"]
[Date "2019.06.10"]
[Round "3"]
[White "May, Ben Iven"]
[Black "Schauties, Nico Antonio"]
[Result "0-1"]
[WhiteElo "1692"]
[BlackElo "1866"]
[PlyCount "124"]
[EventDate "2019.06.08"]
[EventType "swiss"]
[EventRounds "9"]
[EventCountry "GER"]
[SourceTitle "CBM 191 Extra"]
[Source "ChessBase"]
[SourceDate "2019.09.30"]
[SourceVersion "1"]
[SourceVersionDate "2019.09.30"]
[SourceQuality "1"]

1. e4 e6 2. d4 d5 3. exd5 exd5 4. Bd3 Bd6 5. Nf3 Nf6 6. 0-0 0-0 7. Bg5 Bg4 8. Nbd2 Nbd7 9. c3 c6 10. Qc2 Qc7 11. Rfe1 Rfe8 12. Bh4 Bh5 13. Bg3 Bxg3 14. hxg3 Bg6 15. Bxg6 hxg6 16. b4 b6 17. Rac1 c5 18. bxc5 bxc5 19. dxc5 Rac8 20. Rxe8+ Nxe8 21. Nb3 Nxc5 22. c4 Nxb3 23. axb3 dxc4 24. Qxc4 Qxc4 25. bxc4 Rc5 26. Kf1 Kf8 27. Ke2 Ke7 28. Kd3 Nc7 29. Nd2 Ne6 30. Ne4 Rc7 31. Rb1 Kd7 32. Rb5 Kc6 33. Rd5 Rd7 34. Nc3 Nc7 35. Rxd7 Kxd7 36. c5 Kc6 37. Kc4 Ne6 38. Na4 f5 39. Kb4 a5+ 40. Kxa5 Nxc5 41. Nc3 Nd3 42. Nd1 Kc5 43. Ka4 Kc4 44. Ka3 Ne1 45. Kb2 Kd3 46. Nc3 Nxg2 47. Kb3 Ne1 48. Nd5 Ke2 49. f4 Kf3 50. Kc3 Kxg3 51. Ne7 Kxf4 52. Nxg6+ Ke3 53. Nh4 Ke4 54. Ng6 f4 55. Kd2 Ng2 56. Ke2 f3+ 57. Kf2 Nf4 58. Nf8 g5 59. Nh7 Nh3+ 60. Kf1 Kf5 61. Nf8 g4 62. Nd7 g3 0-1

[Event "GER-ch U14"]
[Site "Willingen"]
[Date "2019.06.09"]
[Round "1"]
[White "Gallasch, Jonas"]
[Black "Schauties, Nico Antonio"]
[Result "1-0"]
[WhiteElo "2137"]
[BlackElo "1866"]
[PlyCount "57"]
[EventDate "2019.06.08"]
[EventType "swiss"]
[EventRounds "9"]
[EventCountry "GER"]
[SourceTitle "CBM 191 Extra"]
[Source "ChessBase"]
[SourceDate "2019.09.30"]
[SourceVersion "1"]
[SourceVersionDate "2019.09.30"]
[SourceQuality "1"]

1. d4 d5 2. c4 e6 3. Nc3 Nf6 4. Bg5 c6 5. cxd5 exd5 6. Qc2 Be7 7. e3 Nbd7 8. Bd3 0-0 9. Nf3 Re8 10. 0-0 Nf8 11. h3 Ne4 12. Bf4 Bd6 13. Nxe4 Bxf4 14. exf4 dxe4 15. Bxe4 Qf6 16. f5 g6 17. fxg6 Nxg6 18. Rfe1 Bxh3 19. gxh3 Nf4 20. Kh2 Qh6 21. h4 Kh8 22. Rg1 f5 23. d5 Ne2 24. Qxe2 Rxe4 25. Qd3 Qf4+ 26. Kh1 cxd5 27. Rae1 Rae8 28. Qc3+ d4 29. Qxd4+ 1-0

[Event "Berlin Lichtenrade op 14th"]
[Site "Berlin"]
[Date "2018.10.30"]
[Round "4"]
[White "Jesse, Timo"]
[Black "Schauties, Nico Antonio"]
[Result "1-0"]
[WhiteElo "2064"]
[BlackElo "1863"]
[PlyCount "53"]
[EventDate "2018.10.27"]
[EventType "swiss"]
[EventRounds "9"]
[EventCountry "GER"]
[SourceTitle "CBM 187 Extra"]
[Source "ChessBase"]
[SourceDate "2018.11.04"]
[SourceVersion "1"]
[SourceVersionDate "2018.11.04"]
[SourceQuality "1"]

1. e4 e6 2. d4 d5 3. e5 c5 4. c3 Nc6 5. Nf3 Qb6 6. Bd3 Bd7 7. dxc5 Bxc5 8. 0-0 a5 9. Nbd2 Qa7 10. Nb3 Bb6 11. Bf4 Nge7 12. Qe2 Ng6 13. Bg3 a4 14. Nbd2 d4 15. Nc4 dxc3 16. Nd6+ Ke7 17. bxc3 Bc5 18. Nb5 Qa5 19. h4 Na7 20. Nxa7 Bxa7 21. h5 Nf8 22. Bh4+ Ke8 23. Rab1 Rb8 24. Rfd1 Qxc3 25. Bb5 Bxb5 26. Qxb5+ Qc6 27. Qxc6+ 1-0

[Event "GER-ch U12"]
[Site "Willingen"]
[Date "2017.06.05"]
[Round "3"]
[White "Lutz, Ruben"]
[Black "Schauties, Nico Antonio"]
[Result "1-0"]
[WhiteElo "1878"]
[BlackElo "1691"]
[PlyCount "85"]
[EventDate "2017.06.04"]
[EventType "swiss"]
[EventRounds "11"]
[EventCountry "GER"]
[SourceTitle "CBM 178 Extra"]
[Source "ChessBase"]
[SourceDate "2017.06.22"]
[SourceVersion "1"]
[SourceVersionDate "2017.06.22"]
[SourceQuality "1"]

1. d4 d5 2. Bf4 Nf6 3. e3 Bf5 4. Nf3 Nbd7 5. c4 e6 6. Nc3 c6 7. cxd5 exd5 8. Bd3 Ne4 9. Qc2 Ndf6 10. 0-0 h6 11. Nd2 Nxd2 12. Qxd2 Bxd3 13. Qxd3 Bd6 14. Bxd6 Qxd6 15. h3 0-0 16. Rab1 a5 17. Rfc1 Rfe8 18. Na4 Nd7 19. Nc5 Nxc5 20. Rxc5 b6 21. Rc3 Re6 22. Rbc1 Qd7 23. Qc2 Rc8 24. a3 Rg6 25. b4 Rg5 26. Rxc6 Rxc6 27. Qxc6 Qxh3 28. Qc8+ Qxc8 29. Rxc8+ Kh7 30. bxa5 bxa5 31. Ra8 Rg6 32. Rxa5 Rb6 33. Rxd5 Ra6 34. e4 Rxa3 35. g3 Kg6 36. Kg2 Kf6 37. f4 g6 38. Rd6+ Kg7 39. e5 Rb3 40. d5 Rd3 41. Rd7 Kf8 42. d6 Kg7 43. e6 1-0

[Event "GER-chT U20"]
[Site "Borken"]
[Date "2016.12.29"]
[Round "6.5"]
[White "Schauties, Nico Antonio"]
[Black "Kamp, Aaron"]
[Result "1/2-1/2"]
[WhiteElo "1621"]
[BlackElo "1580"]
[PlyCount "96"]
[EventDate "2016.12.27"]
[EventType "team-swiss"]
[EventRounds "7"]
[EventCountry "GER"]
[SourceTitle "EXT 2018"]
[Source "ChessBase"]
[SourceDate "2017.10.13"]
[SourceVersion "1"]
[SourceVersionDate "2017.10.13"]
[SourceQuality "1"]
[WhiteTeam "Berlin Mattnetz"]
[BlackTeam "Muenster"]
[WhiteTeamCountry "GER"]
[BlackTeamCountry "GER"]

1. d4 Nf6 2. c4 g6 3. Nc3 d5 4. cxd5 Nxd5 5. e4 Nxc3 6. bxc3 Bg7 7. Nf3 c5 8. Be3 0-0 9. Bc4 Bg4 10. 0-0 Bxf3 11. Qxf3 cxd4 12. cxd4 Bxd4 13. Rad1 Nc6 14. Bd5 Qb6 15. Bh6 Bg7 16. Bxg7 Kxg7 17. Qc3+ Kg8 18. Rb1 Qc7 19. Rfc1 Rac8 20. Qb3 e6 21. Bxc6 bxc6 22. Qb7 Rfd8 23. Rb2 Qd6 24. Qa6 Qd1+ 25. Rxd1 Rxd1+ 26. Qf1 Rxf1+ 27. Kxf1 Rc7 28. Ke2 Kg7 29. Kd3 Kf6 30. Kd4 c5+ 31. Kc4 Ke5 32. f3 f5 33. exf5 gxf5 34. Re2+ Kd6 35. Rd2+ Ke7 36. Rb2 Kd6 37. Rd2+ Kc6 38. Re2 Re7 39. Re5 Kd6 40. Re2 Rb7 41. Rd2+ Kc6 42. a3 Rb1 43. Re2 Rc1+ 44. Kb3 Kd5 45. Rd2+ Kc6 46. Re2 Kd5 47. Rd2+ Kc6 48. Re2 Kd5 1/2-1/2